Normal view
MARC view
- Babadagly, V. A
Entry Personal Name
001 - CONTROL NUMBER
- control field: 42102
003 - CONTROL NUMBER IDENTIFIER
- control field: NUST
005 - DATE AND TIME OF LATEST TRANSACTION
- control field: 20210314132217.0
008 - FIXED-LENGTH DATA ELEMENTS
- fixed length control field: 210314|| aca||aabn | a|a d
040 ## - CATALOGING SOURCE
- Original cataloging agency: NUST
- Transcribing agency: NUST
100 ## - HEADING--PERSONAL NAME
- Personal name: Babadagly, V. A
670 ## - SOURCE DATA FOUND
- Source citation: Work cat.: (NUST): Akramkhodzhaev, A. M. 42097, Geology and exploration of oil- and gas-bearing ancient deltas /, 1989.
